000
00350nam a2200145Ia 4500
008
240624s9999 xx 000 0 und d
041
_a
eng
082
_a
658.4038011 EDW
100
_a
EDWARDS CHRIS
245
_a
ESSENCE OF INFORMATION SYSTEMS
250
_a
(2nd ed.)
260
_c
2003
_a
New Delhi
_b
Prentice-Hall
300
_a
x, : 211
365
_c
RS
999
_c
331
_d
331